[Event "Lyon rapid prelim"]
[Site "Lyon"]
[Date "2019.06.23"]
[Round "5"]
[White "Bauer, Christian"]
[Black "Fayel, Nicolas"]
[Result "1-0"]
[WhiteElo "2644"]
[BlackElo "2035"]
[PlyCount "57"]
[EventDate "2019.06.23"]
[EventType "swiss (rapid)"]
[EventRounds "9"]
[EventCountry "FRA"]
[SourceTitle "CBM 191 Extra"]
[Source "ChessBase"]
[SourceDate "2019.09.30"]
[SourceVersion "1"]
[SourceVersionDate "2019.09.30"]
[SourceQuality "1"]

1. Nf3 c5 2. e4 Nc6 3. Bb5 g6 4. 0-0 Bg7 5. Re1 Nf6 6. c3 0-0 7. h3 d5 8. e5 Nd7 9. d4 a6 10. Bf1 e6 11. Bg5 Qc7 12. Nbd2 b5 13. a3 Rb8 14. b4 cxd4 15. cxd4 Qa7 16. Nb3 Nb6 17. Qc1 Nc4 18. Bf6 h6 19. h4 Ne7 20. Bd3 Qd7 21. Nc5 Qe8 22. Nh2 Kh7 23. Ng4 Ng8 24. Qf4 Rb6 25. h5 Bxf6 26. exf6 e5 27. dxe5 Bxg4 28. Qxg4 Nxe5 29. Rxe5 1-0